| 000 | 00391nam a22001577a 4500 | ||
|---|---|---|---|
| 005 | 20180425121302.0 | ||
| 008 | 160701b xxu||||| |||| 00| 0 eng d | ||
| 041 | _aeng | ||
| 082 |
_b20382 _a510.2462 |
||
| 100 |
_aGrewal.B.S. _93898 |
||
| 245 | _aHigher engineering mathematics | ||
| 260 |
_bKhanna Publication _c2014 |
||
| 300 | _a1309 | ||
| 650 |
_aDiploma Engineering _9817 |
||
| 942 | _cBK | ||
| 999 |
_c5068 _d5066 |
||